01321 a2200205 4500003000500000005001700005010001700022020001500039040000900054082001800063245005600081260005900137300003400196505058300230650003400813700002200847856007800869856009000947856007801037Nust20221219182413.0 a 2002033135 a9812530339 cNust00a621.38235,NIC00aWireless networks /cP. Nicopolitidis ... [et al.]. aChichester, England ;aHoboken, NJ :bJ. Wiley,c2003. axvi, 405 p. :bill. ;c25 cm. aIntroduction to wireless Networks (Page-1), Wireless Communications Principles and Fundamentals (Page-25), First Generation 1G Cellular Systems (Page-95), Second Generation 2G Cellular Systems (Page-111), Third Generation 3G Cellular Systems (Page-151), Future Trends Fourth Generation 4G Systems and Beyond (Page-189), Satellite Network (Page-203), Wireless Local Area Networks (Page-239), Wireless ATM and Ad Hoc Routing (Page-273), Security Issues in Wireless Networks (Page-327), Simulation of Wireless Network systems (Page-341), Economic of Wireless Networks (Page-381). 0aTelecommunication engineering1 aNicopolitidis, P.423Book review (E-STREAMS)uhttp://www.e-streams.com/es0610/es0610_2787.html423Publisher descriptionuhttp://www.loc.gov/catdir/description/wiley037/2002033135.html423Table of contentsuhttp://www.loc.gov/catdir/toc/wiley031/2002033135.html